000 00675nam a2200205 4500
999 _c399
_d399
008 151202b xxu||||| |||| 00| 0 eng d
020 _a9789717251660
082 _aDFil 499.2118
_bAg9p
_22014
100 _92637
_aAguilar, Reynaldo L.
245 _aPagbasa at Pagsulat:
_bTungo sa Pananaliksik/
_cReynaldo L. Aguilar
260 _aMetro Manila:
_bGrandbooks Publishing, Inc.,
_cc2014.
300 _avii, 340 pages;
_c21.5 cm.
650 0 _92640
_aResearch
_xMethodology.
650 0 _92642
_aResearch.
650 0 _92644
_aResearch
_xPananaliksik.
700 _91004
_aMagdalena O. Jocson
700 _91005
_aDeogracia D.C. Santos
365 _b405.00
_cPhp
942 _2ddc
_cDFIL